000 00510nam a2200193 a 4500
001 1777626161772
003 YourLibrary
005 20260501143359.0
008 260501s1998##################000#0#eng##
020 _a9780944142875
082 0 4 _a390.08994811
_bMCG
100 1 _aMcGilvray, Dennis,
_eauthor.
245 1 0 _aSymbolic Heat :
260 _bMapin Publishing Pvt Ltd,
_c1998.
300 _a76 pages
650 0 _aBody, Mind & Spirit.
942 _cENGLISH
040 _aYourLibrary
_beng
_cYourLibrary
999 _c621745
_d621745